[Event "ODJM B 2025"]
[Site "Willingen GER"]
[Date "2025.06.12"]
[Round "7"]
[White "Schmidt, Sophie"]
[Black "Subocz, Barbara"]
[Result "1-0"]
[Termination "normal"]
[Board "61"]
[WhiteElo "1613"]
[BlackElo "1559"]
[WhiteClock "00:20:12"]
[BlackClock "00:31:37"]
[PlyCount "47"]
[WhiteFideId "34682503"]
[BlackFideId "41805658"]
[EventCountry "GER"]
[EventRounds "9"]
[EventType "swiss"]
[EventDate "2025.06.07"]

1. d4 {[%clk 01:30:59]} d5 {[%clk 01:30:54]} {[%emt 00:00:07]} 2. Nf3 {[%clk
01:31:23]} {[%emt 00:00:06]} Nf6 {[%clk 01:30:40]} {[%emt 00:00:44]} 3. c4
{[%clk 01:31:45]} {[%emt 00:00:07]} e6 {[%clk 01:30:07]} {[%emt 00:01:02]} 4.
g3 {[%clk 01:31:41]} {[%emt 00:00:35]} Be7 {[%clk 01:28:21]} {[%emt 00:02:16]}
5. Bg2 {[%clk 01:31:07]} {[%emt 00:01:04]} O-O {[%clk 01:23:37]} {[%emt
00:05:15]} 6. O-O {[%clk 01:29:43]} {[%emt 00:01:54]} dxc4 {[%clk 01:20:45]}
{[%emt 00:03:22]} 7. Qc2 {[%clk 01:27:13]} {[%emt 00:03:01]} Nbd7 {[%clk
01:17:26]} {[%emt 00:03:48]} 8. Qxc4 {[%clk 01:24:48]} {[%emt 00:02:55]} c5
{[%clk 01:11:25]} {[%emt 00:06:31]} 9. Rd1 {[%clk 01:03:07]} {[%emt 00:22:11]}
a6 {[%clk 01:05:54]} {[%emt 00:06:00]} 10. dxc5 {[%clk 00:50:38]} {[%emt
00:12:59]} Bxc5 {[%clk 01:00:37]} {[%emt 00:05:47]} 11. b4 {[%clk 00:44:05]}
{[%emt 00:07:04]} b5 {[%clk 00:57:40]} {[%emt 00:03:27]} 12. Qb3 {[%clk
00:36:58]} {[%emt 00:07:37]} Bb6 {[%clk 00:54:55]} {[%emt 00:03:15]} 13. Bb2
{[%clk 00:32:50]} {[%emt 00:04:38]} Qe7 {[%clk 00:51:15]} {[%emt 00:04:09]} 14.
Nd4 {[%clk 00:29:38]} {[%emt 00:03:42]} Nd5 {[%clk 00:42:15]} {[%emt 00:09:23]}
15. Nc3 {[%clk 00:23:15]} {[%emt 00:06:59]} Bxd4 {[%clk 00:38:57]} {[%emt
00:03:48]} 16. Rxd4 {[%clk 00:22:49]} {[%emt 00:00:57]} Nxc3 {[%clk 00:37:46]}
{[%emt 00:01:40]} 17. Qxc3 {[%clk 00:22:41]} {[%emt 00:00:38]} Rb8 {[%clk
00:35:51]} {[%emt 00:02:25]} 18. Rxd7 {[%clk 00:22:07]} {[%emt 00:01:04]} Qg5
{[%clk 00:36:05]} {[%emt 00:00:15]} 19. Rd3 {[%clk 00:21:38]} {[%emt 00:01:00]}
Bb7 {[%clk 00:34:34]} {[%emt 00:02:02]} 20. Bxb7 {[%clk 00:20:54]} {[%emt
00:01:13]} Rxb7 {[%clk 00:34:50]} {[%emt 00:00:13]} 21. Rad1 {[%clk 00:20:10]}
{[%emt 00:01:13]} Rbb8 {[%clk 00:34:05]} {[%emt 00:01:16]} 22. Qe5 {[%clk
00:19:38]} {[%emt 00:01:02]} Qxe5 {[%clk 00:31:53]} {[%emt 00:02:43]} 23. Bxe5
{[%clk 00:19:59]} {[%emt 00:00:08]} Rbe8 {[%clk 00:31:37]} {[%emt 00:00:40]}
24. Bd6 {[%clk 00:20:12]} {[%emt 00:00:23]} 1-0

[Event "ODJM B 2025"]
[Site "Willingen GER"]
[Date "2025.06.12"]
[Round "7"]
[White "Prigandt, Junis"]
[Black "Ebel, Felix"]
[Result "1/2-1/2"]
[Termination "normal"]
[Board "62"]
[WhiteElo "1539"]
[BlackElo "1605"]
[WhiteClock "00:07:33"]
[BlackClock "00:47:24"]
[PlyCount "90"]
[WhiteFideId "34631712"]
[BlackFideId "34651446"]
[EventCountry "GER"]
[EventRounds "9"]
[EventType "swiss"]
[EventDate "2025.06.07"]

1. c4 {[%clk 01:30:58]} {[%emt 00:00:01]} Nf6 {[%clk 01:30:55]} {[%emt
00:00:06]} 2. g3 {[%clk 01:31:12]} {[%emt 00:00:16]} g6 {[%clk 01:30:41]}
{[%emt 00:00:44]} 3. Bg2 {[%clk 01:31:34]} {[%emt 00:00:08]} c5 {[%clk
01:31:03]} {[%emt 00:00:09]} 4. Nc3 {[%clk 01:31:38]} {[%emt 00:00:26]} Nc6
{[%clk 01:31:23]} {[%emt 00:00:10]} 5. Nf3 {[%clk 01:30:48]} {[%emt 00:01:19]}
Bg7 {[%clk 01:31:40]} {[%emt 00:00:13]} 6. d4 {[%clk 01:31:01]} {[%emt
00:00:18]} cxd4 {[%clk 01:31:36]} {[%emt 00:00:34]} 7. Nxd4 {[%clk 01:31:24]}
{[%emt 00:00:06]} O-O {[%clk 01:31:57]} {[%emt 00:00:09]} 8. O-O {[%clk
01:31:30]} {[%emt 00:00:24]} e5 {[%clk 01:32:07]} {[%emt 00:00:20]} 9. Nf3
{[%clk 01:31:01]} {[%emt 00:00:59]} Re8 {[%clk 01:31:46]} {[%emt 00:00:51]} 10.
Bg5 {[%clk 01:28:24]} {[%emt 00:03:07]} Qc7 {[%clk 01:31:31]} {[%emt 00:00:46]}
11. Qd2 {[%clk 01:27:36]} {[%emt 00:01:18]} d6 {[%clk 01:27:50]} {[%emt
00:04:11]} 12. Nb5 {[%clk 01:26:31]} {[%emt 00:01:35]} Qb6 {[%clk 01:23:10]}
{[%emt 00:05:10]} 13. Bxf6 {[%clk 01:22:13]} {[%emt 00:04:48]} Bxf6 {[%clk
01:22:58]} {[%emt 00:00:41]} 14. Qxd6 {[%clk 01:22:16]} {[%emt 00:00:27]} Be7
{[%clk 01:22:52]} {[%emt 00:00:37]} 15. Qd2 {[%clk 01:20:32]} {[%emt 00:02:14]}
a6 {[%clk 01:21:41]} {[%emt 00:01:41]} 16. Nc3 {[%clk 01:20:11]} {[%emt
00:00:51]} Be6 {[%clk 01:21:45]} {[%emt 00:00:26]} 17. b3 {[%clk 01:18:50]}
{[%emt 00:01:50]} Rad8 {[%clk 01:21:40]} {[%emt 00:00:35]} 18. Qc2 {[%clk
01:17:44]} {[%emt 00:01:36]} Bf5 {[%clk 01:19:51]} {[%emt 00:02:19]} 19. e4
{[%clk 01:16:39]} {[%emt 00:01:35]} Bg4 {[%clk 01:20:09]} {[%emt 00:00:12]} 20.
Nd5 {[%clk 01:11:29]} {[%emt 00:05:41]} Qc5 {[%clk 01:20:21]} {[%emt 00:00:18]}
21. h3 {[%clk 01:07:27]} {[%emt 00:04:31]} Bxf3 {[%clk 01:20:14]} {[%emt
00:00:37]} 22. Bxf3 {[%clk 01:06:28]} {[%emt 00:01:29]} Nd4 {[%clk 01:20:32]}
{[%emt 00:00:13]} 23. Qd3 {[%clk 01:04:16]} {[%emt 00:02:41]} Kg7 {[%clk
01:16:54]} {[%emt 00:04:08]} 24. Rfd1 {[%clk 01:00:22]} {[%emt 00:04:24]} b5
{[%clk 01:15:43]} {[%emt 00:01:41]} 25. Rac1 {[%clk 00:57:57]} {[%emt
00:02:55]} b4 {[%clk 01:15:01]} {[%emt 00:01:13]} 26. Bg2 {[%clk 00:55:12]}
{[%emt 00:03:14]} Bg5 {[%clk 01:11:23]} {[%emt 00:04:07]} 27. Rb1 {[%clk
00:51:55]} {[%emt 00:03:46]} h5 {[%clk 01:10:03]} {[%emt 00:01:50]} 28. f4
{[%clk 00:48:26]} {[%emt 00:03:59]} Bf6 {[%clk 01:08:17]} {[%emt 00:02:17]} 29.
Rf1 {[%clk 00:35:05]} {[%emt 00:13:51]} h4 {[%clk 01:05:17]} {[%emt 00:03:31]}
30. Kh1 {[%clk 00:30:22]} {[%emt 00:05:13]} hxg3 {[%clk 01:02:05]} {[%emt
00:03:42]} 31. Nxf6 {[%clk 00:29:26]} {[%emt 00:01:26]} Kxf6 {[%clk 01:00:57]}
{[%emt 00:01:38]} 32. Qxg3 {[%clk 00:28:44]} {[%emt 00:01:11]} Kg7 {[%clk
01:00:21]} {[%emt 00:01:07]} 33. f5 {[%clk 00:26:51]} {[%emt 00:02:23]} Ne2
{[%clk 00:58:57]} {[%emt 00:01:53]} 34. f6+ {[%clk 00:26:36]} {[%emt 00:00:45]}
Kg8 {[%clk 00:58:39]} {[%emt 00:00:48]} 35. Qg5 {[%clk 00:23:27]} {[%emt
00:03:39]} Re6 {[%clk 00:58:24]} {[%emt 00:00:45]} 36. h4 {[%clk 00:19:57]}
{[%emt 00:04:00]} Rd3 {[%clk 00:57:00]} {[%emt 00:01:54]} 37. Rf3 {[%clk
00:17:25]} {[%emt 00:03:02]} Rxf3 {[%clk 00:57:00]} {[%emt 00:00:30]} 38. Bxf3
{[%clk 00:17:35]} {[%emt 00:00:20]} Qf2 {[%clk 00:56:24]} {[%emt 00:01:06]} 39.
Bxe2 {[%clk 00:16:06]} {[%emt 00:01:58]} Qxe2 {[%clk 00:56:43]} {[%emt
00:00:10]} 40. Qg2 {[%clk 00:12:51]} {[%emt 00:03:46]} Qxg2+ {[%clk 00:56:01]}
{[%emt 00:01:13]} 41. Kxg2 {[%clk 00:13:20]} {[%emt 00:00:01]} Rxf6 {[%clk
00:56:20]} {[%emt 00:00:11]} 42. Kg3 {[%clk 00:12:35]} {[%emt 00:01:15]} Rd6
{[%clk 00:55:20]} {[%emt 00:01:29]} 43. Rb2 {[%clk 00:10:40]} {[%emt 00:02:25]}
Rd3+ {[%clk 00:51:57]} {[%emt 00:03:54]} 44. Kg4 {[%clk 00:09:20]} {[%emt
00:01:50]} Kg7 {[%clk 00:51:20]} {[%emt 00:01:07]} 45. Re2 {[%clk 00:07:33]}
{[%emt 00:02:17]} a5 {[%clk 00:47:24]} {[%emt 00:04:23]} 1/2-1/2

[Event "ODJM B 2025"]
[Site "Willingen GER"]
[Date "2025.06.12"]
[Round "7"]
[White "Schille, Marlene"]
[Black "Menke, Xaver Louis"]
[Result "1-0"]
[Termination "normal"]
[Board "63"]
[WhiteElo "1461"]
[BlackElo "1631"]
[WhiteClock "00:24:11"]
[BlackClock "01:35:18"]
[PlyCount "117"]
[WhiteFideId "533000670"]
[BlackFideId "34663134"]
[EventCountry "GER"]
[EventRounds "9"]
[EventType "swiss"]
[EventDate "2025.06.07"]

1. e4 {[%clk 01:30:57]} {[%emt 00:00:02]} e5 {[%clk 01:30:41]} {[%emt
00:00:19]} 2. Nf3 {[%clk 01:31:20]} {[%emt 00:00:07]} Nc6 {[%clk 01:30:26]}
{[%emt 00:00:46]} 3. Bc4 {[%clk 01:31:41]} {[%emt 00:00:09]} Nf6 {[%clk
01:29:39]} {[%emt 00:01:17]} 4. d3 {[%clk 01:31:29]} {[%emt 00:00:42]} h6
{[%clk 01:28:43]} {[%emt 00:01:25]} 5. c3 {[%clk 01:30:51]} {[%emt 00:01:08]}
a6 {[%clk 01:26:58]} {[%emt 00:02:16]} 6. Bb3 {[%clk 01:30:22]} {[%emt
00:00:58]} Bc5 {[%clk 01:26:14]} {[%emt 00:01:14]} 7. Nbd2 {[%clk 01:28:02]}
{[%emt 00:02:50]} d6 {[%clk 01:24:46]} {[%emt 00:01:58]} 8. h3 {[%clk
01:25:43]} {[%emt 00:02:49]} Be6 {[%clk 01:21:25]} {[%emt 00:03:51]} 9. O-O
{[%clk 01:24:10]} {[%emt 00:02:03]} d5 {[%clk 01:19:52]} {[%emt 00:02:04]} 10.
exd5 {[%clk 01:17:15]} {[%emt 00:07:24]} Nxd5 {[%clk 01:18:50]} {[%emt
00:01:32]} 11. Nc4 {[%clk 01:10:34]} {[%emt 00:07:10]} Bd6 {[%clk 01:16:44]}
{[%emt 00:02:37]} 12. Re1 {[%clk 01:07:49]} {[%emt 00:03:15]} Qf6 {[%clk
01:14:21]} {[%emt 00:02:53]} 13. d4 {[%clk 00:59:27]} {[%emt 00:08:52]} Be7
{[%clk 01:10:43]} {[%emt 00:04:07]} 14. dxe5 {[%clk 00:57:07]} {[%emt
00:02:50]} Qg6 {[%clk 01:09:56]} {[%emt 00:01:12]} 15. Bc2 {[%clk 00:55:59]}
{[%emt 00:01:43]} Qh5 {[%clk 01:09:21]} {[%emt 00:01:05]} 16. Nd4 {[%clk
00:44:21]} {[%emt 00:12:09]} Qxd1 {[%clk 01:08:41]} {[%emt 00:01:10]} 17. Rxd1
{[%clk 00:41:49]} {[%emt 00:03:01]} Nxd4 {[%clk 01:07:56]} {[%emt 00:01:16]}
18. cxd4 {[%clk 00:41:17]} {[%emt 00:01:02]} Nb4 {[%clk 01:06:02]} {[%emt
00:02:24]} 19. Bb3 {[%clk 00:39:58]} {[%emt 00:01:48]} Bxc4 {[%clk 01:05:57]}
{[%emt 00:00:36]} 20. Bxc4 {[%clk 00:40:17]} {[%emt 00:00:10]} Nc2 {[%clk
01:05:59]} {[%emt 00:00:28]} 21. Rb1 {[%clk 00:40:39]} {[%emt 00:00:09]} Rd8
{[%clk 01:05:46]} {[%emt 00:00:43]} 22. d5 {[%clk 00:35:56]} {[%emt 00:05:12]}
O-O {[%clk 01:04:41]} {[%emt 00:01:35]} 23. a3 {[%clk 00:35:03]} {[%emt
00:01:24]} c5 {[%clk 01:01:46]} {[%emt 00:03:25]} 24. d6 {[%clk 00:19:00]}
{[%emt 00:16:33]} Bg5 {[%clk 01:00:49]} {[%emt 00:01:26]} 25. Bxg5 {[%clk
00:18:09]} {[%emt 00:01:21]} hxg5 {[%clk 01:01:14]} {[%emt 00:00:05]} 26. Rd5
{[%clk 00:17:40]} {[%emt 00:00:53]} b6 {[%clk 01:01:02]} {[%emt 00:00:49]} 27.
Bxa6 {[%clk 00:16:30]} {[%emt 00:01:40]} Nd4 {[%clk 01:01:19]} {[%emt
00:00:13]} 28. Kh2 {[%clk 00:14:34]} {[%emt 00:02:26]} Kh7 {[%clk 01:01:17]}
{[%emt 00:00:31]} 29. Bd3+ {[%clk 00:14:35]} {[%emt 00:00:30]} g6 {[%clk
01:01:27]} {[%emt 00:00:20]} 30. b4 {[%clk 00:12:55]} {[%emt 00:02:10]} Ra8
{[%clk 01:00:51]} {[%emt 00:01:06]} 31. bxc5 {[%clk 00:09:25]} {[%emt
00:04:00]} bxc5 {[%clk 01:01:14]} {[%emt 00:00:07]} 32. Rxc5 {[%clk 00:08:52]}
{[%emt 00:01:03]} Rxa3 {[%clk 01:01:28]} {[%emt 00:00:15]} 33. Be4 {[%clk
00:05:03]} {[%emt 00:04:19]} Ra4 {[%clk 01:01:27]} {[%emt 00:00:32]} 34. Bd5
{[%clk 00:04:37]} {[%emt 00:00:56]} Ne6 {[%clk 01:01:24]} {[%emt 00:00:32]} 35.
Bxe6 {[%clk 00:04:31]} {[%emt 00:00:37]} fxe6 {[%clk 01:01:48]} {[%emt
00:00:06]} 36. Rc7+ {[%clk 00:04:49]} {[%emt 00:00:12]} Kh6 {[%clk 01:02:04]}
{[%emt 00:00:13]} 37. Rd1 {[%clk 00:05:01]} {[%emt 00:00:18]} Raa8 {[%clk
01:02:07]} {[%emt 00:00:27]} 38. Re7 {[%clk 00:04:35]} {[%emt 00:00:55]} Rae8
{[%clk 01:02:24]} {[%emt 00:00:14]} 39. Rc7 {[%clk 00:03:40]} {[%emt 00:01:24]}
Rd8 {[%clk 01:02:39]} {[%emt 00:00:15]} 40. Rb1 {[%clk 00:01:11]} {[%emt
00:03:00]} Rh8 {[%clk 01:02:51]} {[%emt 00:00:16]} 41. Rbb7 {[%clk 00:01:00]}
{[%emt 00:00:43]} Rc8 {[%clk 01:02:34]} {[%emt 00:00:47]} 42. Rxc8 {[%clk
00:00:31]} {[%emt 00:00:59]} Rxc8 {[%clk 01:02:50]} {[%emt 00:00:14]} 43. Re7
{[%clk 00:00:52]} {[%emt 00:00:08]} Rd8 {[%clk 01:03:06]} {[%emt 00:00:15]} 44.
Rxe6 {[%clk 00:01:11]} {[%emt 00:00:11]} Kg7 {[%clk 01:03:28]} {[%emt
00:00:08]} 45. Re7+ {[%clk 00:01:35]} {[%emt 00:00:07]} Kf8 {[%clk 01:03:46]}
{[%emt 00:00:12]} 46. Rb7 {[%clk 00:01:21]} {[%emt 00:00:44]} Re8 {[%clk
01:03:55]} {[%emt 00:00:21]} 47. Rb5 {[%clk 00:01:08]} {[%emt 00:00:42]} Kf7
{[%clk 01:04:13]} {[%emt 00:00:12]} 48. g3 {[%clk 00:28:44]} {[%emt 00:02:55]}
Ke6 {[%clk 01:33:31]} {[%emt 00:01:09]} 49. f4 {[%clk 00:27:10]} {[%emt
00:02:06]} gxf4 {[%clk 01:33:40]} {[%emt 00:00:21]} 50. gxf4 {[%clk 00:27:31]}
{[%emt 00:00:10]} Ra8 {[%clk 01:33:52]} {[%emt 00:00:18]} 51. Rb7 {[%clk
00:26:36]} {[%emt 00:01:25]} Kf5 {[%clk 01:33:58]} {[%emt 00:00:24]} 52. Rf7+
{[%clk 00:26:23]} {[%emt 00:00:43]} Ke6 {[%clk 01:34:22]} {[%emt 00:00:07]} 53.
Re7+ {[%clk 00:26:44]} {[%emt 00:00:08]} Kf5 {[%clk 01:34:45]} {[%emt
00:00:07]} 54. d7 {[%clk 00:24:47]} {[%emt 00:02:27]} Kxf4 {[%clk 01:34:35]}
{[%emt 00:00:40]} 55. Re8 {[%clk 00:22:59]} {[%emt 00:02:18]} Ra2+ {[%clk
01:34:56]} {[%emt 00:00:10]} 56. Kg1 {[%clk 00:23:24]} {[%emt 00:00:04]} Kg3
{[%clk 01:34:42]} {[%emt 00:00:44]} 57. Kf1 {[%clk 00:23:46]} {[%emt 00:00:08]}
Kf3 {[%clk 01:34:51]} {[%emt 00:00:21]} 58. Ke1 {[%clk 00:24:04]} {[%emt
00:00:11]} Ke3 {[%clk 01:35:18]} {[%emt 00:00:04]} 59. d8=Q {[%clk 00:24:11]}
{[%emt 00:00:23]} 1-0

[Event "ODJM B 2025"]
[Site "Willingen GER"]
[Date "2025.06.12"]
[Round "7"]
[White "Hildebrand, Azat"]
[Black "Jüngling, Leonard"]
[Result "1-0"]
[Termination "normal"]
[Board "64"]
[WhiteElo "1602"]
[BlackElo "1522"]
[WhiteClock "00:58:37"]
[BlackClock "00:57:41"]
[PlyCount "55"]
[WhiteFideId "34607536"]
[BlackFideId "34669116"]
[EventCountry "GER"]
[EventRounds "9"]
[EventType "swiss"]
[EventDate "2025.06.07"]

1. e4 {[%clk 01:30:56]} {[%emt 00:00:04]} e5 {[%clk 01:30:57]} {[%emt
00:00:03]} 2. Nf3 {[%clk 01:31:23]} {[%emt 00:00:03]} Nc6 {[%clk 01:31:24]}
{[%emt 00:00:03]} 3. d4 {[%clk 01:31:49]} {[%emt 00:00:04]} exd4 {[%clk
01:31:50]} {[%emt 00:00:03]} 4. Nxd4 {[%clk 01:32:14]} {[%emt 00:00:05]} Bc5
{[%clk 01:31:46]} {[%emt 00:00:34]} 5. Nxc6 {[%clk 01:31:23]} {[%emt 00:01:21]}
bxc6 {[%clk 01:31:10]} {[%emt 00:01:07]} 6. Bc4 {[%clk 01:31:33]} {[%emt
00:00:20]} Ne7 {[%clk 01:28:21]} {[%emt 00:03:18]} 7. Qh5 {[%clk 01:31:15]}
{[%emt 00:00:48]} Bxf2+ {[%clk 01:24:27]} {[%emt 00:04:24]} 8. Kxf2 {[%clk
01:31:22]} {[%emt 00:00:23]} O-O {[%clk 01:24:36]} {[%emt 00:00:21]} 9. Nc3
{[%clk 01:29:20]} {[%emt 00:02:32]} Kh8 {[%clk 01:23:31]} {[%emt 00:01:35]} 10.
Rf1 {[%clk 01:25:33]} {[%emt 00:04:17]} f5 {[%clk 01:22:44]} {[%emt 00:01:18]}
11. e5 {[%clk 01:21:11]} {[%emt 00:04:51]} Ng6 {[%clk 01:21:30]} {[%emt
00:01:44]} 12. Bg5 {[%clk 01:13:07]} {[%emt 00:08:34]} Qe8 {[%clk 01:21:31]}
{[%emt 00:00:29]} 13. Rae1 {[%clk 01:09:42]} {[%emt 00:03:55]} Nxe5 {[%clk
01:18:31]} {[%emt 00:03:30]} 14. Qxe8 {[%clk 01:09:44]} {[%emt 00:00:28]} Rxe8
{[%clk 01:18:31]} {[%emt 00:00:30]} 15. Bf7 {[%clk 01:07:19]} {[%emt 00:02:55]}
Ng4+ {[%clk 01:17:44]} {[%emt 00:01:17]} 16. Kg1 {[%clk 01:07:20]} {[%emt
00:00:29]} Rxe1 {[%clk 01:14:51]} {[%emt 00:03:24]} 17. Rxe1 {[%clk 01:07:41]}
{[%emt 00:00:08]} Ba6 {[%clk 01:14:37]} {[%emt 00:00:44]} 18. h3 {[%clk
01:04:48]} {[%emt 00:03:23]} Nf6 {[%clk 01:13:41]} {[%emt 00:01:26]} 19. Bxf6
{[%clk 01:05:07]} {[%emt 00:00:11]} gxf6 {[%clk 01:14:04]} {[%emt 00:00:07]}
20. Re7 {[%clk 00:59:49]} {[%emt 00:05:48]} Rb8 {[%clk 01:08:32]} {[%emt
00:06:02]} 21. Re8+ {[%clk 00:57:41]} {[%emt 00:02:38]} Rxe8 {[%clk 01:07:45]}
{[%emt 00:01:17]} 22. Bxe8 {[%clk 00:58:00]} {[%emt 00:00:11]} Bc8 {[%clk
01:06:26]} {[%emt 00:01:50]} 23. Na4 {[%clk 00:58:16]} {[%emt 00:00:14]} Kg7
{[%clk 01:01:04]} {[%emt 00:05:52]} 24. Nc5 {[%clk 00:57:50]} {[%emt 00:00:56]}
d6 {[%clk 01:01:05]} {[%emt 00:00:29]} 25. Bd7 {[%clk 00:58:14]} {[%emt
00:00:06]} Bxd7 {[%clk 00:59:19]} {[%emt 00:02:16]} 26. Nxd7 {[%clk 00:58:38]}
{[%emt 00:00:06]} c5 {[%clk 00:59:36]} {[%emt 00:00:13]} 27. Nb8 {[%clk
00:58:47]} {[%emt 00:00:21]} c4 {[%clk 00:57:41]} {[%emt 00:02:25]} 28. Nc6
{[%clk 00:58:37]} {[%emt 00:00:40]} 1-0

[Event "ODJM B 2025"]
[Site "Willingen GER"]
[Date "2025.06.12"]
[Round "7"]
[White "Meller, Nils"]
[Black "Kulgemeyer, Justus"]
[Result "0-1"]
[Termination "normal"]
[Board "66"]
[WhiteElo "1433"]
[BlackElo "1557"]
[WhiteClock "00:46:52"]
[BlackClock "01:10:41"]
[PlyCount "50"]
[WhiteFideId "34644962"]
[BlackFideId "34623671"]
[EventCountry "GER"]
[EventRounds "9"]
[EventType "swiss"]
[EventDate "2025.06.07"]

1. d4 {[%clk 01:30:44]} {[%emt 00:00:16]} d5 {[%clk 01:30:55]} {[%emt
00:00:06]} 2. Bf4 {[%clk 01:30:37]} {[%emt 00:00:37]} Nf6 {[%clk 01:31:13]}
{[%emt 00:00:12]} 3. e3 {[%clk 01:30:47]} {[%emt 00:00:20]} Bf5 {[%clk
01:31:37]} {[%emt 00:00:06]} 4. c4 {[%clk 01:30:32]} {[%emt 00:00:44]} c6
{[%clk 01:31:54]} {[%emt 00:00:14]} 5. Nf3 {[%clk 01:30:21]} {[%emt 00:00:40]}
e6 {[%clk 01:32:12]} {[%emt 00:00:12]} 6. Qb3 {[%clk 01:28:42]} {[%emt
00:02:08]} b6 {[%clk 01:32:08]} {[%emt 00:00:35]} 7. Be2 {[%clk 01:26:30]}
{[%emt 00:02:41]} Be7 {[%clk 01:32:10]} {[%emt 00:00:28]} 8. O-O {[%clk
01:25:41]} {[%emt 00:01:19]} O-O {[%clk 01:32:30]} {[%emt 00:00:11]} 9. Ne5
{[%clk 01:23:45]} {[%emt 00:02:22]} Qc8 {[%clk 01:31:08]} {[%emt 00:01:56]} 10.
Nd2 {[%clk 01:17:41]} {[%emt 00:06:31]} Nbd7 {[%clk 01:29:23]} {[%emt
00:02:18]} 11. Ndf3 {[%clk 01:16:24]} {[%emt 00:01:43]} Ne4 {[%clk 01:28:57]}
{[%emt 00:01:00]} 12. cxd5 {[%clk 01:12:34]} {[%emt 00:04:19]} exd5 {[%clk
01:27:25]} {[%emt 00:02:02]} 13. Rac1 {[%clk 01:10:53]} {[%emt 00:02:06]} Nxe5
{[%clk 01:27:31]} {[%emt 00:00:30]} 14. Bxe5 {[%clk 01:10:59]} {[%emt
00:00:23]} f6 {[%clk 01:27:12]} {[%emt 00:00:49]} 15. Bf4 {[%clk 01:10:21]}
{[%emt 00:01:07]} Qd7 {[%clk 01:25:06]} {[%emt 00:02:38]} 16. Qa4 {[%clk
01:03:39]} {[%emt 00:07:11]} b5 {[%clk 01:21:11]} {[%emt 00:04:27]} 17. Qa6
{[%clk 01:01:29]} {[%emt 00:02:35]} Rfc8 {[%clk 01:18:46]} {[%emt 00:02:59]}
18. Rfd1 {[%clk 00:58:34]} {[%emt 00:03:19]} Bd6 {[%clk 01:15:43]} {[%emt
00:03:40]} 19. Bxd6 {[%clk 00:57:10]} {[%emt 00:01:53]} Qxd6 {[%clk 01:15:02]}
{[%emt 00:01:12]} 20. Nd2 {[%clk 00:53:24]} {[%emt 00:04:11]} Qd7 {[%clk
01:11:58]} {[%emt 00:03:39]} 21. Nxe4 {[%clk 00:51:30]} {[%emt 00:02:21]} Bxe4
{[%clk 01:11:56]} {[%emt 00:00:34]} 22. Bd3 {[%clk 00:49:47]} {[%emt 00:02:07]}
Bxd3 {[%clk 01:11:53]} {[%emt 00:00:39]} 23. Rxd3 {[%clk 00:50:14]} {[%emt
00:00:03]} Rab8 {[%clk 01:12:08]} {[%emt 00:00:14]} 24. Rdc3 {[%clk 00:49:35]}
{[%emt 00:01:05]} Rb6 {[%clk 01:12:12]} {[%emt 00:00:31]} 25. Qa3 {[%clk
00:46:52]} {[%emt 00:03:12]} b4 {[%clk 01:10:41]} {[%emt 00:02:02]} 0-1